000 00529nam a2200169 i 4500
001 43299
003 ES-MaACL
005 20230910195722.0
007 t|
008 030317s1917 pn ||||1| spa d
245 0 3 _aEl primer centenario del natalicio de Don Ramón de Campoamor y la Fiesta de la Raza en Panamá.
260 _aPanamá :
_b[s.n.,
_c1917] (
_fImp. Moderna)
300 _a68 p. ;
_c19 cm.
600 1 4 _aCampoamor, Ramón de,
_d1817-1901
_934232
852 _aES-MaACL
_j1800-F-4
999 _c43299
_d43299